| 000 | 00676nam a2200241Ia 4500 | ||
|---|---|---|---|
| 005 | 20260121112907.0 | ||
| 008 | 9647 260114s9999 xx 000 0 eng d | ||
| 020 | _a9789812779274 | ||
| 037 | _aEBOOK | ||
| 040 |
_aCRL _beng _cCRL |
||
| 041 |
_aeng _2eng |
||
| 084 | _qCRL | ||
| 100 |
_aDiks Cees _9964917 |
||
| 245 | 0 | _aNonlinear Time Series Analysis: Methods and Applications | |
| 260 | _bWorld Scientific | ||
| 260 | _bWSPC | ||
| 260 | _c1999 | ||
| 650 |
_aNonlinear Science, Chaos & Dynamical Systems _9964918 |
||
| 856 | _uhttps://www.worldscientific.com/worldscibooks/10.1142/3823#t=toc | ||
| 942 | _cEBOOK | ||
| 999 |
_c1546947 _d1546947 |
||